الفلك / (رقم التسجيلة. 30605)
[ عرض عادي ]
| 000 -LEADER | |
|---|---|
| fixed length control field | 00651nam a22002297a 4500 |
| 005 - DATE AND TIME OF LATEST TRANSACTION | |
| control field | 20251108165542.0 |
| 008 - FIXED-LENGTH DATA ELEMENTS--GENERAL INFORMATION | |
| fixed length control field | 250721s9999 xx 000 0 ara d |
| 020 ## - INTERNATIONAL STANDARD BOOK NUMBER | |
| International Standard Book Number | 9772614332 |
| 082 14 - DEWEY DECIMAL CLASSIFICATION NUMBER | |
| Classification number | ط/ 520/ايا |
| 100 1# - MAIN ENTRY--PERSONAL NAME | |
| Personal name | جراهام، أيان |
| 245 10 - TITLE STATEMENT | |
| Title | الفلك / |
| 246 11 - VARYING FORM OF TITLE | |
| Title proper/short title | SCIENCE SPOTLIGHT |
| 264 1# - PRODUCTION, PUBLICATION, DISTRIBUTION, MANUFACTURE, AND COPYRIGHT NOTICE | |
| Place of production, publication, distribution, manufacture | القاهرة : |
| Name of producer, publisher, distributor, manufacturer | شركة سفير، |
| Date of production, publication, distribution, manufacture, or copyright notice | [19-]. |
| 300 ## - PHYSICAL DESCRIPTION | |
| Extent | 44ص.:مص |
| 490 0# - SERIES STATEMENT | |
| Series statement | علوم في دائرة الضوء |
| 650 17 - SUBJECT ADDED ENTRY--TOPICAL TERM | |
| Topical term or geographic name as entry element | الفلك |
| 650 17 - SUBJECT ADDED ENTRY--TOPICAL TERM | |
| Topical term or geographic name as entry element | الفضاء |
| 653 ## - INDEX TERM--UNCONTROLLED | |
| Uncontrolled term | ناشئون صغار (10-14 سنة) |
| 700 1# - ADDED ENTRY--PERSONAL NAME | |
| Personal name | سليمان، محمد أمين |
| Relator term | Tran. |
| 942 ## - ADDED ENTRY ELEMENTS (KOHA) | |
| Source of classification or shelving scheme | Dewey Decimal Classification |
| Koha item type | كتب |
| حالة السحب | حالة الفقدان | مصدر التصنيف | حالة التلف | غير قابل للإعارة | المكتبة الرئيسية | المكتبة الحالية | موقع الرف | تاريخ التزويد | الرقم المتسلسل | Total Checkouts | رقم الإستدعاء | الباركود | تاريخ آخر ظهور | تاريخ الفاتورة | نوع المادة (كوها) |
|---|---|---|---|---|---|---|---|---|---|---|---|---|---|---|---|
| Dewey Decimal Classification | مكتبة أم المؤمنين للأطفال | مكتبة أم المؤمنين للأطفال | الأطفال | 28/07/2025 | 430564 | ط/ 520/ايا | 430564 | 28/07/2025 | 28/07/2025 | كتب |